000 01629nam0a2200313 4500
001 RU\NLR\bibl\1500013
005 20260407183910.0
010 _a978-5-94611-054-9
_9200
021 _aRU
_b2010-14310
_9953
035 _a(NLR Aleph) 001491475
090 _a1765728
_c1765728
100 _a20100416d2008 |||y0rusy50 ca
101 0 _arus
102 _aRU
105 _ay |||||||||
200 1 _aТрудные задачи школьной математики в выпускных и конкурсных экзаменах
_eметодическое пособие
_fБюджет. учреждение доп. проф. образования Ханты-Манс. авт. окр.-Югры "Ин-т развития образования"
_g[сост.: Людмила Сергеевна Яковлева]
210 _aХанты-Мансийск
_cИнститут развития образования
_d2008
215 _a68 с.
_d21
313 _aРешение уравнений.
320 _aБиблиогр.: с. 67 (13 назв.)
606 1 _aУравнения
_jМетодические пособия для средней школы
_xРешение
_91870754
_3RU\NLR\auth\661140162
686 _aВ1я721-41
702 1 _4220
_7ca
_8rus
_aЯковлева
_bЛ. С.
_cметодист
_gЛюдмила Сергеевна
_978220
_3RU\NLR\auth\7795294
712 0 2 _4570
_aИнститут развития образования
_cХанты-Мансийск
_9737870
_3RU\NLR\AUTH\8810119658
801 0 _aRU
_bNLR
_c20100416
_gRCR
801 1 _aRU
_bNLR
_c20100416
942 _cBOOK
980 _aNB